00946nam a2200229Ia 4500003000400000005001700004008004100021020002900062040001700091082002100108100002100129245006700150260002500217300001900242650002500261650002500286942000900311952012300320952012300443952013500566999001500701IIN20240125112307.0231217s9999 xx 000 0 und d cRs.795.00a9788123924298 aIINbEnglish a610.73 bTHA1 aThresyamma, C.P.1 aBasic Nursing Procedure Manual and EssentialscC.P. Thresyamma bCBSaNew Delhic2014 a[14], 3-619 p.1 aFoundationvNursing 1 aProcedure vNursing  cBOOK 001040708Purches BookaIINbIINd2023-12-17g795.00l0o610.73 THAp1293r2023-12-17 21:32:35w2023-12-17yBOOK 001040708Purches BookaIINbIINd2023-12-17g795.00l0o610.73 THAp1294r2023-12-17 21:32:35w2023-12-17yBOOK 001040708Purches BookaIINbIINd2023-12-17g795.00l1o610.73 THAp1295r2024-01-10 16:09:15s2024-01-09w2023-12-17yBOOK c1299d1299